000
00299nam a22001097a 4500
008
160613b xxu||||| |||| 00| 0 eng d
020
_a
078176131X
041
_a
eng
080
_a
618.2
245
_a
Nursing diagnosis / Application to clinical practice:
_c
Lynda Juall Carpenito-Moyet;
942
_2
udc
_c
BK
999
_c
2451
_d
2451